BSOP header

Introduction to the composition of Pentateuch / (Record no. 2000)

MARC details
000 -LEADER
fixed length control field 00673nam a2200193 4500
008 - FIXED-LENGTH DATA ELEMENTS--GENERAL INFORMATION
fixed length control field 010625s1999 enk 0 engYA
020 ## - INTERNATIONAL STANDARD BOOK NUMBER
International Standard Book Number 1850759928
090 ## - LOCALLY ASSIGNED LC-TYPE CALL NUMBER (OCLC); LOCAL CALL NUMBER (OCLC)
Classification number (OCLC) (R) ; Classification number, CALL (RLIN) (NR) BS1225.2
Local cutter number (OCLC) ; Book number/undivided call number, CALL (RLIN) R62i
100 1# - MAIN ENTRY--PERSONAL NAME
Personal name Rofe, Alexander
245 10 - TITLE STATEMENT
Title Introduction to the composition of Pentateuch /
Statement of responsibility, etc Alexander Rofe
260 ## - PUBLICATION, DISTRIBUTION, ETC. (IMPRINT)
Place of publication, distribution, etc England :
Name of publisher, distributor, etc Sheffield Academic Press,
Date of publication, distribution, etc c1999.
300 ## - PHYSICAL DESCRIPTION
Extent 152 p.
490 1# - SERIES STATEMENT
Series statement The biblical seminar;
Volume number/sequential designation 58.
504 ## - BIBLIOGRAPHY, ETC. NOTE
Bibliography, etc Biblio : pp. 137-140.
650 #4 - SUBJECT ADDED ENTRY--TOPICAL TERM
Topical term or geographic name as entry element Bible. O.T. Pentateuch
General subdivision Criticism, interpretation, etc.
650 #4 - SUBJECT ADDED ENTRY--TOPICAL TERM
Topical term or geographic name as entry element Bible. O.T. Pentateuch
General subdivision Introductions
951 ## - EQUIVALENCE OR CROSS-REFERENCE-GEOGRAPHIC NAME/AREA NAME [OBSOLETE] [CAN/MARC only]
General subdivision 00014998
950 0# - LOCAL HOLDINGS (RLIN)
-- 9.95/12
951 ## - EQUIVALENCE OR CROSS-REFERENCE-GEOGRAPHIC NAME/AREA NAME [OBSOLETE] [CAN/MARC only]
-- 23750
-- BS1225.2/R62i
-- 070613110929703
-- 2000-12-21
-- GC
Holdings
Withdrawn status Lost status Damaged status Not for loan Home library Current library Shelving location Date acquired Accession number Shelving control number Total Checkouts Full call number Barcode Date last seen Price effective from Koha item type
        BSOP Library BSOP Library GC 12/21/2000 23750 127   BS1225.2/R62i 00014998 02/23/2013 02/23/2013 Books
BSOP

Biblical Seminary of the Philippines
  All rights Reserved
  © 2024

CONTACT INFORMATION

Biblical Seminary of the Philippines,
  77-B Karuhatan Road, Valenzuela City,
  PHILIPPINES 1441
  Phone: +632 8292-6795 / 8292-6798
  Fax : +632 8292-6675
  Email: library@bsop.edu.ph